Energy, Efficiency Gains and Economic Development : When Will Global Energy Demand Saturate? /

Not anytime soon. Using a novel dataset covering 127 countries and spanning two centuries, we find evidence for an energy Kuznets curve, with an initial decline of energy demand at low levels of per capita income followed by stages of acceleration and then saturation at high-income levels. Historica...

תיאור מלא

מידע ביבליוגרפי
מחבר ראשי: Bogmans, Christian
מחברים אחרים: Kiyasseh, Lama, Matsumoto, Akito, Pescatori, Andrea
פורמט: כתב-עת
שפה:English
יצא לאור: Washington, D.C. : International Monetary Fund, 2020.
סדרה:IMF Working Papers; Working Paper ; No. 2020/253
גישה מקוונת:Full text available on IMF
LEADER 02074cas a2200277 a 4500
001 AALejournalIMF021358
008 230101c9999 xx r poo 0 0eng d
020 |c 5.00 USD 
020 |z 9781513561240 
022 |a 1018-5941 
040 |a BD-DhAAL  |c BD-DhAAL 
100 1 |a Bogmans, Christian. 
245 1 0 |a Energy, Efficiency Gains and Economic Development :   |b When Will Global Energy Demand Saturate? /  |c Christian Bogmans, Lama Kiyasseh, Akito Matsumoto, Andrea Pescatori. 
264 1 |a Washington, D.C. :  |b International Monetary Fund,  |c 2020. 
300 |a 1 online resource (43 pages) 
490 1 |a IMF Working Papers 
500 |a <strong>Off-Campus Access:</strong> No User ID or Password Required 
500 |a <strong>On-Campus Access:</strong> No User ID or Password Required 
506 |a Electronic access restricted to authorized BRAC University faculty, staff and students 
520 3 |a Not anytime soon. Using a novel dataset covering 127 countries and spanning two centuries, we find evidence for an energy Kuznets curve, with an initial decline of energy demand at low levels of per capita income followed by stages of acceleration and then saturation at high-income levels. Historical trends in energy efficiency have reduced energy demand, globally, by about 1.2 percent per year and have, thus, helped bring forward a plateau in energy demand for high income countries. At middle incomes energy and income move in lockstep. The decline in the manufacturing share of value added, globally, accounted for about 0.2 percentage points of the energy efficiency gains. At the country level, the decline (rise) of the manufacturing sector has reduced (increased) US (China) energy demand by 4.1 (10.7) percent between 1990 and 2017. 
538 |a Mode of access: Internet 
700 1 |a Kiyasseh, Lama. 
700 1 |a Matsumoto, Akito. 
700 1 |a Pescatori, Andrea. 
830 0 |a IMF Working Papers; Working Paper ;  |v No. 2020/253 
856 4 0 |z Full text available on IMF  |u http://elibrary.imf.org/view/journals/001/2020/253/001.2020.issue-253-en.xml  |z IMF e-Library